| 000 | 00479nam a2200181Ia 4500 | ||
|---|---|---|---|
| 005 | 20250326125104.0 | ||
| 008 | 250326s9999 xx 000 0 und d | ||
| 037 | _aTextbook | ||
| 040 |
_aFMSL _beng _cFMSL |
||
| 041 |
_aeng _2eng |
||
| 084 |
_aX:9 K8 _qFMSL |
||
| 100 |
_aSeymour W D _9736451 |
||
| 245 | 0 |
_aSkills analysis training _cSeymour W D |
|
| 260 |
_aLondon _bLondon, Pitaman _c1968 |
||
| 300 | _a137p | ||
| 942 |
_cTB _hX:9 K8 |
||
| 999 |
_c1276490 _d1276490 |
||